000 00325 a2200109 4500
001 ART_45168
005 20260410161709.0
008 260409a
245 1 0 _aNuevo pacto federal de armonización tributaria
100 1 _aSpisso, Rodolfo Roque
773 0 _tRevista Impuestos
_g- Nº 12 (dic. 2017)
_wREV639
999 _c15907
_d15907